Una apuesta política desde las mujeres por la lucha de la vivienda /
El artículo examina la participación y lucha de las mujeres en el ámbito de la vivienda. El autor analiza cómo las mujeres han asumido un papel activo en la defensa de su derecho a una vivienda adecuada y en la promoción de políticas y acciones que aborden las problemáticas relacionadas con la vivie...
Сохранить в:
| Главный автор: | |
|---|---|
| Другие авторы: | , |
| Формат: | |
| Язык: | Spanish |
| Предметы: | |
| Online-ссылка: | texto completo desde el sitio de la revista |
| Метки: |
Добавить метку
Нет меток, Требуется 1-ая метка записи!
|
MARC
| LEADER | 00000nam a22000007a 4500 | ||
|---|---|---|---|
| 003 | cru CIDCACS/IIS | ||
| 005 | 20230903071251.0 | ||
| 007 | ta | ||
| 008 | 190920t2018 cr |||p|r||||||0| ||spa|d | ||
| 040 | |c cru CIDCACS/IIS | ||
| 100 | 1 | |a Arroyo Araya, Helga |9 8553 | |
| 245 | 1 | |a Una apuesta política desde las mujeres por la lucha de la vivienda / |c Helga Arroyo Araya, Laura Paniagua Arguedas, Verónica Azofeifa Vargas | |
| 300 | |a páginas 101-118 | ||
| 520 | |a El artículo examina la participación y lucha de las mujeres en el ámbito de la vivienda. El autor analiza cómo las mujeres han asumido un papel activo en la defensa de su derecho a una vivienda adecuada y en la promoción de políticas y acciones que aborden las problemáticas relacionadas con la vivienda. Se exploran temas como la discriminación de género en el acceso a la vivienda, la violencia de género en el ámbito doméstico, las estrategias de resistencia y organización de las mujeres en la lucha por la vivienda, y la importancia de incorporar una perspectiva de género en las políticas y programas de vivienda. El artículo resalta el empoderamiento de las mujeres en este ámbito y su contribución a la transformación social.RAR 04/2023 | ||
| 650 | 0 | |2 OCDE |9 88 |a MUJERES | |
| 650 | 0 | |2 OCDE |9 5566 |a DERECHO A LA VIVIENDA | |
| 650 | 0 | |2 OCDE |9 11590 |a VIOLENCIA DE GENERO | |
| 650 | 0 | |2 OCDE |9 402 |a PERSPECTIVA DE GENERO | |
| 650 | 0 | |2 OCDE |9 11629 |a TRANSFORMACIONES SOCIALES | |
| 700 | 1 | |9 1064 |a Paniagua Arguedas, Laura | |
| 700 | 1 | |a Azofeifa Vargas, Verónica |9 8554 | |
| 773 | 0 | |0 18728 |9 2924 |a Universidad de Costa Rica |d San José, Costa Rica Editorial UCR 1956- |o 17072 |t Revista de Ciencias Sociales/ |x 04825276 | |
| 856 | |u https://revistas.ucr.ac.cr/index.php/sociales/article/view/34810/34373 |y texto completo desde el sitio de la revista | ||
| 942 | |2 ddc |c PP | ||
| 999 | |c 42381 |d 42381 | ||
